E3A(南九州道)のIC - Statistics

General Stats
  • This quiz has been taken 32 times
  • The average score is 15 of 23
Answer Stats
Hint Answers % Correct
JCT 八代
100%
IC 水俣
95%
IC 出水
95%
IC 鹿児島
95%
IC 市来
91%
IC 八代南
82%
IC 阿久根
82%
IC 伊集院
82%
IC 串木野
77%
IC 日奈久
73%
IC 津奈木
73%
IC 鹿児島西
73%
IC 芦北
68%
IC 阿久根北
64%
IC 田浦
55%
IC 野田
55%
IC 薩摩川内水引
50%
IC 薩摩川内都
50%
IC 松元
50%
IC 高尾野北
41%
IC 薩摩川内高江
36%
IC 美山
27%
PA 美山
27%
No matching quizzes found
Score Distribution
Percent of People with Each Score
Percentile by Number Answered
Your Score History
You have not taken this quiz